Τα Βαλκάνια
Saved in:
| Main Author: | |
|---|---|
| Other Authors: | |
| Format: | Book |
| Language: | Greek English |
| Published: |
Αθήνα :
Πατάκης,
2005, c2002.
|
| Series: | Παγκόσμια ιστορία
|
| Subjects: | |
| Tags: |
Add Tag
No Tags, Be the first to tag this record!
|
MARC
| LEADER | 00000cam a2200000 i 4500 | ||
|---|---|---|---|
| 001 | 1/74634 | ||
| 008 | 050331r20022005gr | ||| |||| ||gre|| | ||
| 020 | |a 9601605517 | ||
| 035 | |l 10077459 | ||
| 040 | |a GR-MyUA |b gre |e AACR2 | ||
| 041 | 1 | |a gre |h eng | |
| 082 | 0 | |a 949.6 |2 (21) | |
| 100 | 1 | |a Mazower, Mark. | |
| 245 | 1 | 3 | |a Τα Βαλκάνια / |c Mark Mazower ; μετάφραση Κωνσταντίνος Ν. Κουρεμένος. |
| 260 | |a Αθήνα : |b Πατάκης, |c 2005, c2002. | ||
| 300 | |a 263 σ. ; |c 24 εκ. | ||
| 490 | 1 | |a (Παγκόσμια ιστορία) | |
| 500 | |a Βραβείο ιστορικού βιβλίου Wolfson 2000, βραβείο Bentinck 2001 | ||
| 500 | |a Το Παράρτημα Λέσβου διαθέτη την 6η ανατύπωση του 2004 και την 8η ανατύπωση του 2005 (αντ.141204) και την ένατη εκτύπωση του 2006 (αντ.165313 και 165314) | ||
| 651 | 0 | |a Balkan Peninsula |x History. | |
| 700 | 1 | |a Κουρεμένος, Κωνσταντίνος Ν. |e edt | |
| 765 | 0 | 8 | |i Μετάφραση του: |t The Balkans : |
| 830 | 0 | |a Παγκόσμια ιστορία | |
| 852 | |a INST |b LESVOS |e 20050331 |h 949.6 MAZ |p 005100027972 |q 005100027972 |t BK |y 0 | ||
| 852 | |a INST |b LESVOS |e 20050711 |h 949.6 MAZ |p 005100032062 |q 005100032062 |t BK |y 0 | ||
| 852 | |a INST |b LESVOS |e 20081212 |h 949.6 MAZ |p 005100044112 |q 005100044112 |t BK |y 0 | ||
| 852 | |a INST |b LESVOS |e 20100924 |h 949.6 MAZ |p 005100048676 |q 005100048676 |t BK |y 0 | ||
| 852 | |a INST |b LESVOS |e 20100924 |h 949.6 MAZ |p 005100048677 |q 005100048677 |t BK |y 0 | ||
| 852 | |a INST |b LESVOS |e 20110322 |h 949.6 MAZ |p 005100049307 |q 005100049307 |t BK |y 0 | ||
| 852 | |a INST |b RHODES |e 20070508 |h 949.6 MAZ |p 005400026615 |q 005400026615 |t BK |y 4 |x 20210729 | ||
| 901 | |a BIBL1-2005-1 | ||
| 901 | |a BIBL1-2005-2 | ||
| 901 | |a BIBL1-2008-3 | ||
| 901 | |a BIBL1-2010-3 | ||
| 901 | |a BIBL1-2011-1 | ||
| 909 | |a Λ |b 118359 | ||
| 909 | |a Λ |b 111959 | ||
| 909 | |a Ρ |b 127890 | ||
| 909 | |a Λ |b 141204 | ||
| 909 | |a Λ |b 165314 | ||
| 909 | |a Λ |b 165313 | ||
| 909 | |a Λ |b 167561 | ||
| 970 | |a ΤΖΑΦΕΡΗ |b ΕΥΑΓΓΕΛΙΑ |z 2005/03/31 | ||